Histoire de l'Iran antique
Uloženo v:
| Hlavní autor: | |
|---|---|
| Médium: | Kniha |
| Jazyk: | francouzština |
| Vydáno: |
París
Payot
1937
|
| Edice: | Bibliothèque Historique
|
| Témata: | |
| Tagy: |
Přidat tag
Žádné tagy, Buďte první, kdo vytvoří štítek k tomuto záznamu!
|
MARC
| LEADER | 00000nam a2200000 a 4500 | ||
|---|---|---|---|
| 001 | UCP8780 | ||
| 003 | CL-VaPUC | ||
| 008 | 000310e19370000FR |||||||||||||||||fre|d | ||
| 082 | 0 | 4 | |a 935 |b CAM |2 21 |
| 100 | 0 | |a Cameron, George G |e author |9 438997 | |
| 245 | 1 | 0 | |a Histoire de l'Iran antique |
| 300 | |a 266 p | ||
| 942 | |c BK | ||
| 945 | |d 20000310 00:00:00 |a rherrera | ||
| 260 | |a París |b Payot |c 1937 | ||
| 650 | 0 | |a Historia antigua |9 267521 | |
| 650 | 0 | |a Civilizaciones antiguas |9 265998 | |
| 650 | 7 | |a HISTORIA DE IRAN |2 CL-VaPUC |9 438998 | |
| 650 | 0 | |a Imperio babilónico |9 438881 | |
| 650 | 0 | |a Imperio Persa |9 438880 | |
| 651 | 7 | |a IRAN |2 CL-VaPUC |9 314095 | |
| 583 | |a last modification |c 20000310 00:00:00 |k Rodrigo Vera | ||
| 490 | 0 | |a Bibliothèque Historique | |
| 999 | |c 285666 |d 285664 | ||
| 952 | |0 0 |1 0 |4 0 |6 935_000000000000000_CAM_1937 |7 0 |8 X |9 330418 |a BIBHIS |b BIBHIS |d 2019-11-20 |i 1394398 |o 935 CAM 1937 |p 1394398 |r 2024-01-30 |w 2019-11-20 |y BK_X |k HIS | ||